[Event "23rd European Team Chess Championship 2021 - Open"]
[Site "Catez, Slovenia"]
[Date "2021.11.21"]
[Round "9"]
[Board "1"]
[White "Christiansen, Johan-Sebastian"]
[Black "Navara, David"]
[Result "1/2-1/2"]
[WhiteElo "2582"]
[BlackElo "2699"]
[PlyCount "0"]
[EventDate "2021.11.12"]
[EventType "team"]
[EventRounds "9"]
[EventCountry "ECX"]
[WhiteTeam "Norway"]
[BlackTeam "Czech Republic"]

1. e4 {[%clk 01:30:57]} {[%emt 00:00:03]} c5 {[%clk 01:30:57]} {[%emt
00:00:03]} 2. Nf3 {[%clk 01:31:14]} {[%emt 00:00:12]} d6 {[%clk 01:31:22]}
{[%emt 00:00:06]} 3. d4 {[%clk 01:31:40]} {[%emt 00:00:04]} cxd4 {[%clk
01:31:47]} {[%emt 00:00:05]} 4. Nxd4 {[%clk 01:32:06]} {[%emt 00:00:04]} Nf6
{[%clk 01:32:08]} {[%emt 00:00:09]} 5. Nc3 {[%clk 01:32:32]} {[%emt 00:00:04]}
a6 {[%clk 01:32:32]} {[%emt 00:00:06]} 6. Bg5 {[%clk 01:32:51]} {[%emt
00:00:11]} Nbd7 {[%clk 01:32:53]} {[%emt 00:00:09]} 7. Qe2 {[%clk 01:33:07]}
{[%emt 00:00:14]} Qc7 {[%clk 01:31:48]} {[%emt 00:01:36]} 8. O-O-O {[%clk
01:33:22]} {[%emt 00:00:13]} e6 {[%clk 01:31:56]} {[%emt 00:00:22]} 9. g4
{[%clk 01:33:46]} {[%emt 00:00:07]} h6 {[%clk 01:27:03]} {[%emt 00:05:23]} 10.
Bd2 {[%clk 01:34:03]} {[%emt 00:00:13]} b5 {[%clk 01:25:53]} {[%emt 00:01:39]}
11. a3 {[%clk 01:29:11]} {[%emt 00:05:23]} Rb8 {[%clk 01:18:23]} {[%emt
00:08:00]} 12. f4 {[%clk 01:15:00]} {[%emt 00:14:41]} b4 {[%clk 01:16:51]}
{[%emt 00:02:02]} 13. axb4 {[%clk 01:15:25]} {[%emt 00:00:06]} Rxb4 {[%clk
01:17:06]} {[%emt 00:00:14]} 14. Nb3 {[%clk 00:57:09]} {[%emt 00:18:45]} Nb6
{[%clk 01:08:22]} {[%emt 00:09:14]} 15. Kb1 {[%clk 00:54:10]} {[%emt 00:03:30]}
e5 {[%clk 00:41:27]} {[%emt 00:27:25]} 16. g5 {[%clk 00:33:56]} {[%emt
00:20:43]} hxg5 {[%clk 00:41:00]} {[%emt 00:00:57]} 17. fxg5 {[%clk 00:34:24]}
{[%emt 00:00:03]} Nh5 {[%clk 00:40:47]} {[%emt 00:00:42]} 18. Na2 {[%clk
00:20:39]} {[%emt 00:14:16]} Ra4 {[%clk 00:39:10]} {[%emt 00:02:06]} 19. Nc3
{[%clk 00:17:09]} {[%emt 00:04:02]} Rb4 {[%clk 00:37:22]} {[%emt 00:02:17]} 20.
Na2 {[%clk 00:16:17]} {[%emt 00:01:22]} Ra4 {[%clk 00:37:13]} {[%emt 00:00:38]}
21. Nc3 {[%clk 00:15:54]} {[%emt 00:00:53]} Ng3 {[%clk 00:37:01]} {[%emt
00:00:42]} 22. hxg3 {[%clk 00:16:14]} {[%emt 00:00:11]} Rxh1 {[%clk 00:37:24]}
{[%emt 00:00:06]} 23. Nxa4 {[%clk 00:16:40]} {[%emt 00:00:04]} Nxa4 {[%clk
00:37:46]} {[%emt 00:00:08]} 24. Qf3 {[%clk 00:16:12]} {[%emt 00:00:58]} Rh2
{[%clk 00:37:35]} {[%emt 00:00:41]} 25. Bd3 {[%clk 00:15:04]} {[%emt 00:01:38]}
g6 {[%clk 00:35:22]} {[%emt 00:02:43]} 26. Rf1 {[%clk 00:12:39]} {[%emt
00:02:55]} Bh3 {[%clk 00:32:24]} {[%emt 00:03:28]} 27. Ba5 {[%clk 00:08:11]}
{[%emt 00:04:59]} Qa7 {[%clk 00:28:18]} {[%emt 00:04:35]} 28. Bxa6 {[%clk
00:07:24]} {[%emt 00:01:17]} Bxf1 {[%clk 00:28:41]} {[%emt 00:00:07]} 29. Qxf1
{[%clk 00:07:13]} {[%emt 00:00:42]} Nb6 {[%clk 00:28:46]} {[%emt 00:00:24]} 30.
Bb5+ {[%clk 00:02:17]} {[%emt 00:05:27]} Nd7 {[%clk 00:29:05]} {[%emt
00:00:11]} 31. Qc4 {[%clk 00:02:46]} {[%emt 00:00:01]} Qb7 {[%clk 00:27:37]}
{[%emt 00:01:58]} 32. Ba6 {[%clk 00:03:01]} {[%emt 00:00:15]} Qa8 {[%clk
00:27:29]} {[%emt 00:00:37]} 33. Bb5 {[%clk 00:03:15]} {[%emt 00:00:16]} Qb7
{[%clk 00:25:14]} {[%emt 00:02:45]} 34. Ba6 {[%clk 00:03:44]} {[%emt 00:00:02]}
Qa8 {[%clk 00:25:30]} {[%emt 00:00:13]} 35. Bb5 {[%clk 00:04:11]} {[%emt
00:00:04]}  1/2-1/2

[Event "23rd European Team Chess Championship 2021 - Open"]
[Site "Catez, Slovenia"]
[Date "2021.11.21"]
[Round "9"]
[Board "2"]
[White "Brkic, Ante"]
[Black "Lupulescu, Constantin"]
[Result "1-0"]
[WhiteElo "2599"]
[BlackElo "2624"]
[PlyCount "0"]
[EventDate "2021.11.12"]
[EventType "team"]
[EventRounds "9"]
[EventCountry "ECX"]
[WhiteTeam "Croatia"]
[BlackTeam "Romania"]

1. e4 {[%clk 01:30:55]} {[%emt 00:00:04]} e6 {[%clk 01:30:33]} {[%emt
00:00:17]} 2. d4 {[%clk 01:31:21]} {[%emt 00:00:14]} d5 {[%clk 01:30:54]}
{[%emt 00:00:08]} 3. Nc3 {[%clk 01:31:47]} {[%emt 00:00:05]} Nf6 {[%clk
01:31:15]} {[%emt 00:00:09]} 4. Bg5 {[%clk 01:32:11]} {[%emt 00:00:06]} h6
{[%clk 01:31:41]} {[%emt 00:00:04]} 5. Bxf6 {[%clk 01:27:01]} {[%emt 00:05:40]}
Qxf6 {[%clk 01:32:01]} {[%emt 00:00:10]} 6. exd5 {[%clk 01:27:25]} {[%emt
00:00:06]} Bb4 {[%clk 01:32:26]} {[%emt 00:00:05]} 7. Bc4 {[%clk 01:24:59]}
{[%emt 00:02:56]} exd5 {[%clk 01:29:11]} {[%emt 00:03:45]} 8. Bxd5 {[%clk
01:25:10]} {[%emt 00:00:19]} O-O {[%clk 01:29:33]} {[%emt 00:00:09]} 9. Nge2
{[%clk 01:24:11]} {[%emt 00:01:28]} Rd8 {[%clk 01:28:28]} {[%emt 00:01:35]} 10.
O-O {[%clk 01:22:21]} {[%emt 00:02:20]} Bxc3 {[%clk 01:27:47]} {[%emt
00:01:11]} 11. Nxc3 {[%clk 01:21:12]} {[%emt 00:01:39]} Nc6 {[%clk 01:28:11]}
{[%emt 00:00:06]} 12. Bxc6 {[%clk 01:18:44]} {[%emt 00:02:59]} bxc6 {[%clk
01:28:18]} {[%emt 00:00:23]} 13. Re1 {[%clk 01:16:59]} {[%emt 00:02:15]} Rxd4
{[%clk 01:24:04]} {[%emt 00:04:43]} 14. Ne4 {[%clk 01:15:24]} {[%emt 00:02:05]}
Qe5 {[%clk 01:24:15]} {[%emt 00:00:19]} 15. Qf3 {[%clk 01:15:26]} {[%emt
00:00:28]} Be6 {[%clk 01:24:07]} {[%emt 00:00:38]} 16. c3 {[%clk 01:14:55]}
{[%emt 00:01:00]} Rdd8 {[%clk 01:24:07]} {[%emt 00:00:31]} 17. b3 {[%clk
01:10:35]} {[%emt 00:04:50]} a5 {[%clk 01:13:58]} {[%emt 00:10:39]} 18. c4
{[%clk 01:10:10]} {[%emt 00:00:55]} a4 {[%clk 01:13:52]} {[%emt 00:00:36]} 19.
Nc3 {[%clk 01:08:31]} {[%emt 00:02:09]} Qa5 {[%clk 01:12:18]} {[%emt 00:02:04]}
20. Nxa4 {[%clk 01:08:40]} {[%emt 00:00:21]} Bxc4 {[%clk 01:12:44]} {[%emt
00:00:05]} 21. Qc3 {[%clk 00:52:51]} {[%emt 00:16:18]} Qxc3 {[%clk 00:51:19]}
{[%emt 00:21:55]} 22. Nxc3 {[%clk 00:53:15]} {[%emt 00:00:06]} Rd3 {[%clk
00:50:14]} {[%emt 00:01:35]} 23. Rac1 {[%clk 00:49:06]} {[%emt 00:04:39]} Be6
{[%clk 00:49:18]} {[%emt 00:01:26]} 24. Red1 {[%clk 00:29:03]} {[%emt
00:20:34]} Rxd1+ {[%clk 00:47:15]} {[%emt 00:02:32]} 25. Rxd1 {[%clk 00:29:30]}
{[%emt 00:00:02]} c5 {[%clk 00:46:00]} {[%emt 00:01:46]} 26. Rc1 {[%clk
00:20:25]} {[%emt 00:09:35]} Ra3 {[%clk 00:39:50]} {[%emt 00:06:40]} 27. Kf1
{[%clk 00:20:01]} {[%emt 00:00:54]} c4 {[%clk 00:39:51]} {[%emt 00:00:29]} 28.
b4 {[%clk 00:19:30]} {[%emt 00:01:01]} Kf8 {[%clk 00:30:17]} {[%emt 00:10:04]}
29. Ke2 {[%clk 00:19:58]} {[%emt 00:00:02]} Ke7 {[%clk 00:29:49]} {[%emt
00:00:58]} 30. Kd2 {[%clk 00:17:07]} {[%emt 00:03:21]} Ra8 {[%clk 00:20:21]}
{[%emt 00:09:58]} 31. Kc2 {[%clk 00:16:36]} {[%emt 00:01:01]} Bf5+ {[%clk
00:14:05]} {[%emt 00:06:46]} 32. Kb2 {[%clk 00:16:58]} {[%emt 00:00:07]} Rb8
{[%clk 00:14:22]} {[%emt 00:00:14]} 33. a3 {[%clk 00:11:01]} {[%emt 00:06:26]}
Kd6 {[%clk 00:14:20]} {[%emt 00:00:32]} 34. Re1 {[%clk 00:08:03]} {[%emt
00:03:28]} g5 {[%clk 00:11:23]} {[%emt 00:03:28]} 35. Na4 {[%clk 00:08:18]}
{[%emt 00:00:14]} Ra8 {[%clk 00:11:24]} {[%emt 00:00:30]} 36. Nc3 {[%clk
00:06:48]} {[%emt 00:02:01]} Rb8 {[%clk 00:11:42]} {[%emt 00:00:12]} 37. Na4
{[%clk 00:03:06]} {[%emt 00:04:11]} Ra8 {[%clk 00:11:56]} {[%emt 00:00:16]} 38.
Rd1+ {[%clk 00:03:26]} {[%emt 00:00:10]} Kc6 {[%clk 00:09:28]} {[%emt
00:02:57]} 39. Nc3 {[%clk 00:03:36]} {[%emt 00:00:21]} Re8 {[%clk 00:09:32]}
{[%emt 00:00:26]} 40. Rd4 {[%clk 00:02:28]} {[%emt 00:01:37]} Bd3 {[%clk
00:09:09]} {[%emt 00:00:53]} 41. a4 {[%clk 00:27:29]} {[%emt 00:05:29]} Re1
{[%clk 00:29:36]} {[%emt 00:10:03]} 42. b5+ {[%clk 00:11:50]} {[%emt 00:16:09]}
Kb6 {[%clk 00:29:16]} {[%emt 00:00:51]} 43. Rd7 {[%clk 00:12:16]} {[%emt
00:00:04]} f5 {[%clk 00:29:32]} {[%emt 00:00:14]} 44. Ka3 {[%clk 00:05:23]}
{[%emt 00:07:23]} Ka5 {[%clk 00:26:19]} {[%emt 00:03:43]} 45. Rxc7 {[%clk
00:04:41]} {[%emt 00:01:13]} Ra1+ {[%clk 00:26:46]} {[%emt 00:00:02]} 46. Kb2
{[%clk 00:04:42]} {[%emt 00:00:30]} Rf1 {[%clk 00:27:10]} {[%emt 00:00:05]} 47.
Nd5 {[%clk 00:02:16]} {[%emt 00:02:57]} Kxa4 {[%clk 00:26:56]} {[%emt
00:00:45]} 48. b6 {[%clk 00:02:30]} {[%emt 00:00:16]} Rb1+ {[%clk 00:16:02]}
{[%emt 00:11:23]} 49. Kc3 {[%clk 00:02:59]} Be4 {[%clk 00:16:19]} {[%emt
00:00:13]} 50. Kxc4 {[%clk 00:01:19]} {[%emt 00:02:10]} Bxd5 {[%clk 00:16:26]}
{[%emt 00:00:23]} 51. Kxd5 {[%clk 00:01:46]} {[%emt 00:00:03]} Rxb6 {[%clk
00:16:49]} {[%emt 00:00:07]} 52. Rc6 {[%clk 00:01:13]} {[%emt 00:01:02]} Rb2
{[%clk 00:11:07]} {[%emt 00:06:13]} 53. Rxh6 {[%clk 00:01:40]} {[%emt
00:00:03]} Rxf2 {[%clk 00:11:32]} {[%emt 00:00:05]} 54. g3 {[%clk 00:02:09]}
{[%emt 00:00:02]} g4 {[%clk 00:03:53]} {[%emt 00:08:08]} 55. Ke5 {[%clk
00:02:16]} {[%emt 00:00:23]} Kb5 {[%clk 00:04:21]} {[%emt 00:00:02]} 56. Rf6
{[%clk 00:01:25]} {[%emt 00:01:20]} Kc5 {[%clk 00:04:02]} {[%emt 00:00:50]} 57.
Ke6 {[%clk 00:00:48]} {[%emt 00:01:06]} Kd4 {[%clk 00:02:11]} {[%emt 00:02:22]}
58. Rxf5 {[%clk 00:01:14]} {[%emt 00:00:05]} Rxh2 {[%clk 00:02:36]} {[%emt
00:00:04]} 59. Rf4+ {[%clk 00:01:36]} {[%emt 00:00:07]} Ke3 {[%clk 00:03:01]}
{[%emt 00:00:06]} 60. Kf5 {[%clk 00:01:50]} {[%emt 00:00:16]} Rh8 {[%clk
00:03:04]} {[%emt 00:00:27]} 61. Kxg4 {[%clk 00:02:04]} {[%emt 00:00:16]} Ke2
{[%clk 00:01:57]} {[%emt 00:01:37]} 62. Rf7 {[%clk 00:01:44]} {[%emt 00:00:50]}
Ke3 {[%clk 00:02:13]} {[%emt 00:00:14]} 63. Rf4 {[%clk 00:00:59]} {[%emt
00:01:14]} Ke2 {[%clk 00:01:38]} {[%emt 00:01:06]} 64. Rf6 {[%clk 00:01:02]}
{[%emt 00:00:27]} Ke3 {[%clk 00:01:33]} {[%emt 00:00:35]} 65. Kf5 {[%clk
00:00:51]} {[%emt 00:00:42]} Kf3 {[%clk 00:00:57]} {[%emt 00:01:06]} 66. g4
{[%clk 00:01:01]} {[%emt 00:00:20]} Ra8 {[%clk 00:01:15]} {[%emt 00:00:12]} 67.
g5 {[%clk 00:00:55]} {[%emt 00:00:35]} Ra5+ {[%clk 00:01:40]} {[%emt 00:00:05]}
68. Ke6+ {[%clk 00:01:19]} {[%emt 00:00:06]} Kg4 {[%clk 00:02:07]} {[%emt
00:00:03]} 69. g6 {[%clk 00:01:47]} {[%emt 00:00:01]} Ra6+ {[%clk 00:00:58]}
{[%emt 00:01:40]} 70. Kf7 {[%clk 00:01:53]} {[%emt 00:00:24]} Ra7+ {[%clk
00:01:11]} {[%emt 00:00:18]} 71. Kg8 {[%clk 00:02:08]} {[%emt 00:00:13]} Kg5
{[%clk 00:01:24]} {[%emt 00:00:18]} 72. Rb6 {[%clk 00:02:30]} {[%emt 00:00:07]}
 1-0

[Event "23rd European Team Chess Championship 2021 - Open"]
[Site "Catez, Slovenia"]
[Date "2021.11.21"]
[Round "9"]
[Board "2"]
[White "Georgiadis, Nico"]
[Black "Petenyi, Tamas"]
[Result "1-0"]
[WhiteElo "2553"]
[BlackElo "2458"]
[PlyCount "0"]
[EventDate "2021.11.12"]
[EventType "team"]
[EventRounds "9"]
[EventCountry "ECX"]
[WhiteTeam "Switzerland"]
[BlackTeam "Slovakia"]

1. e4 {[%clk 01:30:57]} {[%emt 00:00:03]} e5 {[%clk 01:30:44]} {[%emt
00:00:16]} 2. Nf3 {[%clk 01:31:19]} {[%emt 00:00:08]} Nc6 {[%clk 01:31:08]}
{[%emt 00:00:06]} 3. Bb5 {[%clk 01:31:39]} {[%emt 00:00:11]} Nge7 {[%clk
01:31:29]} {[%emt 00:00:08]} 4. Nc3 {[%clk 01:27:37]} {[%emt 00:04:32]} Ng6
{[%clk 01:30:51]} {[%emt 00:01:08]} 5. d4 {[%clk 01:25:45]} {[%emt 00:02:22]}
exd4 {[%clk 01:30:46]} {[%emt 00:00:35]} 6. Nxd4 {[%clk 01:25:54]} {[%emt
00:00:21]} Bc5 {[%clk 01:27:46]} {[%emt 00:03:29]} 7. Nf5 {[%clk 01:20:42]}
{[%emt 00:05:43]} O-O {[%clk 01:27:54]} {[%emt 00:00:22]} 8. Be3 {[%clk
01:16:26]} {[%emt 00:04:47]} Bxe3 {[%clk 01:18:28]} {[%emt 00:09:56]} 9. Nxe3
{[%clk 01:16:51]} {[%emt 00:00:05]} d6 {[%clk 01:13:48]} {[%emt 00:05:10]} 10.
Qd2 {[%clk 01:02:28]} {[%emt 00:14:53]} a6 {[%clk 01:04:51]} {[%emt 00:09:27]}
11. Bxc6 {[%clk 00:52:38]} {[%emt 00:10:21]} bxc6 {[%clk 01:05:13]} {[%emt
00:00:08]} 12. g3 {[%clk 00:48:02]} {[%emt 00:05:07]} f5 {[%clk 00:58:48]}
{[%emt 00:06:54]} 13. exf5 {[%clk 00:46:33]} {[%emt 00:01:59]} Bxf5 {[%clk
00:59:12]} {[%emt 00:00:06]} 14. f4 {[%clk 00:42:52]} {[%emt 00:04:11]} Rb8
{[%clk 00:47:07]} {[%emt 00:12:34]} 15. O-O-O {[%clk 00:42:24]} {[%emt
00:00:58]} Qf6 {[%clk 00:39:16]} {[%emt 00:08:21]} 16. Nxf5 {[%clk 00:33:30]}
{[%emt 00:09:25]} Qxf5 {[%clk 00:38:22]} {[%emt 00:01:23]} 17. Qd4 {[%clk
00:33:25]} {[%emt 00:00:35]} Qf7 {[%clk 00:36:01]} {[%emt 00:02:51]} 18. Rhe1
{[%clk 00:30:28]} {[%emt 00:03:27]} Ne7 {[%clk 00:31:44]} {[%emt 00:04:48]} 19.
b3 {[%clk 00:26:24]} {[%emt 00:04:34]} Nf5 {[%clk 00:26:11]} {[%emt 00:06:03]}
20. Qe4 {[%clk 00:24:55]} {[%emt 00:01:58]} Qh5 {[%clk 00:22:09]} {[%emt
00:04:32]} 21. Qxc6 {[%clk 00:17:08]} {[%emt 00:08:18]} Qxh2 {[%clk 00:21:44]}
{[%emt 00:00:54]} 22. Qc4+ {[%clk 00:16:48]} {[%emt 00:00:50]} Kh8 {[%clk
00:20:16]} {[%emt 00:01:58]} 23. g4 {[%clk 00:17:13]} {[%emt 00:00:06]} Nh6
{[%clk 00:17:21]} {[%emt 00:03:25]} 24. f5 {[%clk 00:16:20]} {[%emt 00:01:23]}
Qh4 {[%clk 00:13:24]} {[%emt 00:04:27]} 25. Rg1 {[%clk 00:11:47]} {[%emt
00:05:03]} c5 {[%clk 00:09:29]} {[%emt 00:04:25]} 26. Rxd6 {[%clk 00:10:54]}
{[%emt 00:01:24]} Qg5+ {[%clk 00:09:07]} {[%emt 00:00:52]} 27. Kb2 {[%clk
00:09:17]} {[%emt 00:02:06]} Nxf5 {[%clk 00:09:02]} {[%emt 00:00:35]} 28. Qxc5
{[%clk 00:08:31]} {[%emt 00:01:16]} Qe3 {[%clk 00:04:52]} {[%emt 00:04:41]} 29.
Qxe3 {[%clk 00:07:54]} {[%emt 00:01:07]} Nxe3 {[%clk 00:05:21]} {[%emt
00:00:01]} 30. Rd3 {[%clk 00:02:53]} {[%emt 00:05:31]} Nc4+ {[%clk 00:04:55]}
{[%emt 00:00:56]} 31. Kc1 {[%clk 00:02:59]} {[%emt 00:00:24]} Ne5 {[%clk
00:04:41]} {[%emt 00:00:44]} 32. Re3 {[%clk 00:03:20]} {[%emt 00:00:09]} Nc6
{[%clk 00:04:47]} {[%emt 00:00:23]} 33. g5 {[%clk 00:02:32]} {[%emt 00:01:19]}
Rf2 {[%clk 00:02:46]} {[%emt 00:02:31]} 34. Rge1 {[%clk 00:02:15]} {[%emt
00:00:46]} Kg8 {[%clk 00:03:07]} {[%emt 00:00:09]} 35. R1e2 {[%clk 00:01:48]}
{[%emt 00:00:58]} Rxe2 {[%clk 00:02:55]} {[%emt 00:00:43]} 36. Rxe2 {[%clk
00:02:07]} {[%emt 00:00:10]} Kf7 {[%clk 00:02:27]} {[%emt 00:00:58]} 37. Nd5
{[%clk 00:02:32]} {[%emt 00:00:05]} Nb4 {[%clk 00:01:31]} {[%emt 00:01:27]} 38.
Nxb4 {[%clk 00:02:21]} {[%emt 00:00:41]} Rxb4 {[%clk 00:02:00]} 39. c4 {[%clk
00:02:38]} {[%emt 00:00:12]} h5 {[%clk 00:01:45]} {[%emt 00:00:45]} 40. gxh6
{[%clk 00:02:57]} {[%emt 00:00:12]} gxh6 {[%clk 00:02:15]} 41. Kc2 {[%clk
00:01:16]} {[%emt 00:02:11]} Rb6 {[%clk 00:24:32]} {[%emt 00:08:12]} 42. c5
{[%clk 00:18:42]} {[%emt 00:13:04]} Rg6 {[%clk 00:22:02]} {[%emt 00:02:59]} 43.
b4 {[%clk 00:15:30]} {[%emt 00:03:43]} h5 {[%clk 00:21:54]} {[%emt 00:00:38]}
44. a4 {[%clk 00:09:02]} {[%emt 00:06:58]} h4 {[%clk 00:20:47]} {[%emt
00:01:37]} 45. Kd3 {[%clk 00:06:26]} {[%emt 00:03:07]} h3 {[%clk 00:18:23]}
{[%emt 00:02:53]} 46. b5 {[%clk 00:04:15]} {[%emt 00:02:41]} Rg2 {[%clk
00:13:23]} {[%emt 00:05:30]} 47. Re5 {[%clk 00:04:04]} {[%emt 00:00:40]} h2
{[%clk 00:07:37]} {[%emt 00:06:17]} 48. Rh5 {[%clk 00:04:26]} {[%emt 00:00:08]}
axb5 {[%clk 00:07:46]} {[%emt 00:00:21]} 49. axb5 {[%clk 00:04:52]} {[%emt
00:00:03]} Rg5 {[%clk 00:02:20]} {[%emt 00:05:56]} 50. Rh7+ {[%clk 00:04:20]}
{[%emt 00:01:03]} Ke6 {[%clk 00:02:36]} {[%emt 00:00:14]} 51. Kc4 {[%clk
00:04:31]} {[%emt 00:00:18]} Rg4+ {[%clk 00:02:37]} {[%emt 00:00:29]} 52. Kb3
{[%clk 00:04:36]} {[%emt 00:00:25]} Kd5 {[%clk 00:01:55]} {[%emt 00:01:12]} 53.
Rh5+ {[%clk 00:04:53]} {[%emt 00:00:12]} Kd4 {[%clk 00:02:11]} {[%emt
00:00:14]} 54. Kb4 {[%clk 00:05:01]} {[%emt 00:00:23]} Rg2 {[%clk 00:00:45]}
{[%emt 00:01:56]} 55. c6 {[%clk 00:05:17]} {[%emt 00:00:13]} Rb2+ {[%clk
00:00:54]} {[%emt 00:00:21]} 56. Ka5 {[%clk 00:05:43]} {[%emt 00:00:05]} Kc4
{[%clk 00:01:05]} {[%emt 00:00:19]} 57. c7 {[%clk 00:05:38]} {[%emt 00:00:35]}
Rxb5+ {[%clk 00:00:46]} {[%emt 00:00:49]} 58. Rd5 Rc5+ 59. Rxc5+ h1=Q 60. Rb5
Kd4 {[%clk 00:00:46]} 61. c8=Q {[%clk 00:06:02]}  1-0